Singvlaris et excellentisimam practica criminalis canonica excommunicationis, Irregularitatis, suspensionis, degradationis, dispensationis materiam (Record no. 8223)

MARC details
000 -CABECERA
campo de control de longitud fija 01452nam a2200313 a 4500
001 - NÚMERO DE CONTROL
campo de control BRCA_8560
005 - FECHA Y HORA DE LA ÚLTIMA TRANSACCIÓN
campo de control 20190320210329.0
008 - DATOS DE LONGITUD FIJA--INFORMACIÓN GENERAL
campo de control de longitud fija 170816s1587----sp-#######---#000-0#lat-#
041 ## - CÓDIGO DE LENGUA
Código de lengua del texto/banda sonora o título independiente lat
044 ## - CÓDIGO DEL PAÍS DE LA ENTIDAD EDITORA/PRODUCTORA
Código MARC del país sp
050 #4 - SIGNATURA TOPOGRÁFICA DE LA BIBLIOTECA DEL CONGRESO
Número de clasificación KBR2155
Número de documento/Ítem .L67
-- 1587
100 1# - ENTRADA PRINCIPAL--NOMBRE DE PERSONA
Nombre de persona Lopez de Salzedoin, Ignatio
9 (RLIN) 21443
245 10 - MENCIÓN DE TÍTULO
Título Singvlaris et excellentisimam practica criminalis canonica excommunicationis, Irregularitatis, suspensionis, degradationis, dispensationis materiam
Resto del título in utroque foro frequentesimam complectens qua omnia fere crimina, quae tama clericis quam a laycis, ad ecclesiastica ordinaria, & santactae inquisitionis spectantia tribunalia, cum eurum poenis, & reorum defensionibus describuntur
Mención de responsabilidad, etc. Ignatio Lopez de Salzedoin.
260 ## - PUBLICACIÓN, DISTRIBUCIÓN, ETC.
Lugar de publicación, distribución, etc. Complvti
Nombre del editor, distribuidor, etc. Excudebat ioannes gracian typographus
Fecha de publicación, distribución, etc. 1587
300 ## - DESCRIPCIÓN FÍSICA
Extensión 522 p.
Dimensiones 28 cm
500 ## - NOTA GENERAL
Nota general Fondo antiguo
500 ## - NOTA GENERAL
Nota general Se encuentra en Caja Fuerte
500 ## - NOTA GENERAL
Nota general W-145
500 ## - NOTA GENERAL
Nota general Firma en portada: Martínez de Herrera
500 ## - NOTA GENERAL
Nota general Con licencia del Rey
500 ## - NOTA GENERAL
Nota general Uso de letras capitulares, texto escrito a dos columnas
500 ## - NOTA GENERAL
Nota general Incluye índice de materias
500 ## - NOTA GENERAL
Nota general Estado físico: diversas páginas del documento presentan roturas y manchas
500 ## - NOTA GENERAL
Nota general Nota de encuadernación: en piel pergamino
506 0# - NOTA DE RESTRICCIONES AL ACCESO
Limitaciones de acceso Fondo reservado: para su consulta es necesario credencial de usuario y carta de motivos
650 14 - PUNTO DE ACCESO ADICIONAL DE MATERIA--TÉRMINO DE MATERIA
Término de materia o nombre geográfico como elemento de entrada Derecho canónico
9 (RLIN) 21260
902 ## - CATALOGADOR
Iniciales LAR
942 ## - ELEMENTOS DE PUNTO DE ACCESO ADICIONAL (KOHA)
Fuente del sistema de clasificación o colocación Library of Congress Classification
Tipo de ítem Koha Libros
Holdings
Estado de retiro Estado de pérdida Estado dañado No para préstamo Localización permanente Ubicación/localización actual Fecha de adquisición Número de inventario Total de préstamos Signatura topográfica completa Código de barras Fecha visto por última vez Precio válido a partir de Tipo de ítem Koha
El ejemplar forma parte de la colección y puede ser consultado según las políticas vigentes.       Biblioteca del Museo Franz Mayer (Rogerio Casas-Alatriste) Biblioteca del Museo Franz Mayer (Rogerio Casas-Alatriste) 17/08/2016 W-145   KBR2155 .L67 1587 (W-145) LAR00063 22/03/2019 22/03/2019 Libros